Kāmadhēnu. (Record no. 83899)

MARC details
000 -LEADER
fixed length control field 00687cam a22002531 4500
001 - CONTROL NUMBER
control field sa 68011447
003 - CONTROL NUMBER IDENTIFIER
control field DLC
005 - DATE AND TIME OF LATEST TRANSACTION
control field 20260227112600.0
008 - FIXED-LENGTH DATA ELEMENTS--GENERAL INFORMATION
fixed length control field 890623s1968 ii c 000 1 kano
010 ## - LIBRARY OF CONGRESS CONTROL NUMBER
LC control number sa 68011447
035 ## - SYSTEM CONTROL NUMBER
System control number (OCoLC)19919228
040 ## - CATALOGING SOURCE
Original cataloging agency DLC
Transcribing agency WaU
Modifying agency DLC
042 ## - AUTHENTICATION CODE
Authentication code premarc
050 00 - LIBRARY OF CONGRESS CALL NUMBER
Classification number PL4658
Item number .C3
100 1# - MAIN ENTRY--PERSONAL NAME
Personal name Caḍaga, Sūryanārāyaṇa.
245 10 - TITLE STATEMENT
Title Kāmadhēnu.
260 ## - PUBLICATION, DISTRIBUTION, ETC.
Date of publication, distribution, etc. [1968]
300 ## - PHYSICAL DESCRIPTION
Extent 896 p.
Other physical details port.
Dimensions 22 cm.
500 ## - GENERAL NOTE
General note In Kannada.
500 ## - GENERAL NOTE
General note Includes short biographical sketches of the contributors.
650 #0 - SUBJECT ADDED ENTRY--TOPICAL TERM
Topical term or geographic name entry element Short stories, Kannada.
700 1# - ADDED ENTRY--PERSONAL NAME
Personal name Ballal, N. Narayan,
Dates associated with a name 1937-
700 2# - ADDED ENTRY--PERSONAL NAME
Personal name Sītārāma Prabhu, Kōṭa.

No items available.

Powered by Koha